[Event "Detroit (MOR/1b/49)"]
[Site "?"]
[Date "1992.??.??"]
[Round "?"]
[White "Ruelas, Erik"]
[Black "Tanner, M."]
[Result "0-1"]
[WhiteElo "1605"]
[BlackElo "1620"]
[PlyCount "98"]
[EventDate "1992.??.??"]

1. e4 c5 2. Nf3 d6 3. Bc4 e6 4. d4 cxd4 5. Nxd4 Nc6 6. Be3 Nf6 7. Nc3 Be7 8. a3
a6 9. b4 O-O 10. O-O Nxd4 11. Qxd4 b5 12. Bb3 Bb7 13. e5 dxe5 14. Qxe5 Rc8 15.
Rad1 Qc7 16. Qxc7 Rxc7 17. Ne2 Nd5 18. Bd4 Rd7 19. Rd2 Rfd8 20. Rfd1 Bg5 21.
Rd3 Nf4 22. Nxf4 Bxf4 23. c4 Be4 24. Bb6 Rxd3 25. Bxd8 Rxd1+ 26. Bxd1 bxc4 27.
Kf1 Bd3+ 28. Ke1 Bc1 29. Ba4 Bxa3 30. b5 axb5 31. Bxb5 Kf8 32. Ba5 Ke7 33. Kd2
Bc5 34. f3 Bf1 35. g3 Bg1 36. Ke1 Bd3 37. h3 Bc5 38. Kd2 Bf2 39. g4 Bg3 40. Bc3
f6 41. Ke3 e5 42. Kd2 Bf1 43. Ke3 Bf4+ 44. Kf2 Bd3 45. Ke1 Be3 46. Bd2 Bxd2+
47. Kxd2 Kd6 48. Kc3 Kc5 49. Ba6 Be2 0-1

[Event "Detroit (MOR/7/89)"]
[Site "?"]
[Date "1992.??.??"]
[Round "?"]
[White "Ruelas, Erik"]
[Black "Serwatowski, Felix"]
[Result "0-1"]
[WhiteElo "1605"]
[BlackElo "1605"]
[PlyCount "46"]
[EventDate "1992.??.??"]

{7/(89)} 1. e4 e5 2. Nf3 Nc6 3. Bc4 Bc5 4. c3 Nf6 5. Nxe5 Nxe5 6. d4 Nxc4 7.
dxc5 Ne5 8. f3 O-O 9. O-O Qe7 10. Be3 Rd8 11. Qc2 d6 12. Rd1 dxc5 13. Rxd8+
Qxd8 14. Bxc5 b6 15. Bd4 Ned7 16. Nd2 c5 17. Bxf6 Qxf6 18. Rd1 Ne5 19. Nb3 Ba6
20. Qd2 h6 21. Qd6 Qg5 22. Kf2 Ng6 23. Rd5 Qh4+ 0-1

[Event "Detroit (MOR/5/106)"]
[Site "?"]
[Date "1992.??.??"]
[Round "?"]
[White "Ruelas, Erik"]
[Black "Clark, M."]
[Result "1/2-1/2"]
[WhiteElo "1605"]
[BlackElo "1605"]
[PlyCount "86"]
[EventDate "1992.??.??"]

{5/(106)} 1. e4 c5 2. Nf3 Nc6 3. Bc4 e6 4. Nc3 Nf6 5. d3 d5 6. exd5 exd5 7.
Qe2+ Be7 8. Bb3 Bg4 9. Bg5 O-O 10. h3 Bxf3 11. Qxf3 Nd4 12. Qf4 Nh5 13. Bxe7
Qxe7+ 14. Qe3 Qxe3+ 15. fxe3 Nxb3 16. axb3 Ng3 17. Rg1 d4 18. exd4 cxd4 19. Na2
Rfe8+ 20. Kf2 Re3 21. Rae1 Nf5 22. g4 Nh4 23. Rxe3 dxe3+ 24. Kxe3 Re8+ 25. Kf2
Ng6 26. Nc3 a5 27. Nb5 b6 28. Nd6 Ra8 29. Ra1 Rd8 30. Nc4 Rc8 31. c3 Rc5 32.
Nxb6 Rb5 33. Nc4 Rxb3 34. Rxa5 Rb8 35. b4 Nf4 36. b5 Nxd3+ 37. Ke3 Nc5 38. b6
Nb7 39. Ra7 h6 40. Ne5 Nd8 41. Nd7 Rc8 42. Kd4 Nc6+ 43. Kd5 Nxa7 1/2-1/2

[Event "Detroit (MOR/3/107)"]
[Site "?"]
[Date "1992.??.??"]
[Round "?"]
[White "Ruelas, Erik"]
[Black "Caron, L."]
[Result "0-1"]
[WhiteElo "1605"]
[BlackElo "1605"]
[PlyCount "54"]
[EventDate "1992.??.??"]

{3/(107)} 1. e4 c5 2. Nf3 Nc6 3. Bc4 d6 4. Nc3 Nf6 5. d4 e6 6. dxc5 dxc5 7.
Qxd8+ Nxd8 8. Nb5 Kd7 9. Ne5+ Ke7 10. Be3 b6 11. O-O-O g6 12. Nc7 Rb8 13. Ba6
Nxe4 14. Bxc8 Rxc8 15. Rd7+ Kf6 16. f4 Bd6 17. Ng4+ Kf5 18. h3 Bxc7 19. b4 Bxf4
20. Rf1 g5 21. g3 Nxg3 22. Rf3 Ne2+ 23. Kd2 Ng1 24. Rf1 Nxh3 25. Nh6+ Kg6 26.
Ng4 f5 27. Ne5+ Bxe5 0-1

[Event "Detroit (MOR/1b/55)"]
[Site "?"]
[Date "1992.??.??"]
[Round "?"]
[White "Ruderman, M."]
[Black "Vemuri, Ramana"]
[Result "0-1"]
[WhiteElo "1605"]
[BlackElo "1605"]
[PlyCount "70"]
[EventDate "1992.??.??"]

1. e4 c6 2. d4 d5 3. e5 Bf5 4. Nf3 e6 5. c4 Bb4+ 6. Bd2 Bxd2+ 7. Nbxd2 h6 8.
Be2 Ne7 9. O-O O-O 10. h3 Nd7 11. c5 Bh7 12. Nb3 Ng6 13. Bd3 Nh4 14. Bxh7+ Kxh7
15. g3 Nxf3+ 16. Qxf3 Qg5 17. h4 Qg6 18. Rac1 f6 19. Rfe1 fxe5 20. Qe3 e4 21.
Rf1 Rf3 22. Qe2 Qf7 23. Nd2 Rf6 24. b4 a6 25. Rc3 Rf8 26. f3 Qg6 27. g4 exf3
28. Rfxf3 Qxg4+ 29. Qg2 Qxd4+ 30. Kh1 Qxh4+ 31. Rh3 Qe1+ 32. Kh2 Rf2 33. Kg3
Qe5+ 34. Kh4 g5+ 35. Kg4 Nf6# 0-1

[Event "Detroit (MOR/5/100)"]
[Site "?"]
[Date "1992.??.??"]
[Round "?"]
[White "Ruderman, M."]
[Black "Vaka, Flamur"]
[Result "0-1"]
[WhiteElo "1605"]
[BlackElo "1605"]
[PlyCount "62"]
[EventDate "1992.??.??"]

{5/(100)} 1. e4 c6 2. Nc3 d5 3. exd5 cxd5 4. Bb5+ Bd7 5. Bxd7+ Qxd7 6. d4 Nf6
7. Nf3 e6 8. O-O Bb4 9. Qd2 Ne4 10. Qe1 Bxc3 11. bxc3 Nc6 12. Nd2 Nxc3 13. Nb3
Ne4 14. f3 Nf6 15. Nc5 Qe7 16. Bg5 Nxd4 17. Qc3 Ne2+ 18. Kh1 Nxc3 19. Nd3 O-O
20. g4 Rac8 21. Be3 b6 22. g5 Nh5 23. f4 Ne4 24. a4 Rxc2 25. f5 exf5 26. Rxf5
Nhg3+ 27. Kg1 Nxf5 28. Re1 Nxe3 29. Rxe3 Qxg5+ 30. Kf1 Qg2+ 31. Ke1 Qg1# 0-1

[Event "Detroit (MI Action/4)"]
[Site "?"]
[Date "1992.??.??"]
[Round "?"]
[White "Ruderman, M."]
[Black "Stinson, Darlene"]
[Result "0-1"]
[WhiteElo "1605"]
[BlackElo "1605"]
[PlyCount "42"]
[EventDate "1992.??.??"]

1. e4 e5 2. Nf3 Nf6 3. Nxe5 Qe7 4. Nf3 Nxe4 5. Nc3 Nxc3+ 6. Be2 Nxd1 7. Kxd1
Nc6 8. Bb5 Qc5 9. Bxc6 dxc6 10. Re1+ Be7 11. d4 Qd6 12. g3 O-O 13. Bf4 Qd5 14.
Rxe7 Qxf3+ 15. Kd2 Qxf2+ 16. Re2 Qxd4+ 17. Ke1 Qg1+ 18. Kd2 Rd8+ 19. Kc3 Qc5+
20. Kb3 Be6+ 21. Ka4 Rd4+ 0-1

[Event "Detroit (MOR/3/103)"]
[Site "?"]
[Date "1992.??.??"]
[Round "?"]
[White "Ruderman, M."]
[Black "Fletcher, B."]
[Result "0-1"]
[WhiteElo "1605"]
[BlackElo "1605"]
[PlyCount "90"]
[EventDate "1992.??.??"]

{3/(103)} 1. e4 c5 2. c3 d6 3. Bb5+ Nd7 4. Bxd7+ Bxd7 5. d4 cxd4 6. cxd4 Qc7 7.
Nf3 Rc8 8. O-O Nf6 9. e5 Nd5 10. h3 e6 11. Nbd2 Be7 12. Ne4 h6 13. g3 O-O 14.
Bf4 Nxf4 15. gxf4 Bc6 16. Rc1 Qb8 17. Re1 Rfd8 18. exd6 Bxd6 19. Ne5 Bd5 20.
Rxc8 Rxc8 21. b3 Bb4 22. Re3 Rc7 23. f3 Qc8 24. Nd3 Ba3 25. Re1 Be7 26. Qd2 f5
27. Nec5 b6 28. Ne4 fxe4 29. fxe4 Bb7 30. e5 Rc2 31. Qe3 Rg2+ 32. Kf1 Rxa2 33.
Rc1 Rc2 34. Rd1 Bh4 35. Ne1 Qc6 36. d5 Qb5+ 37. Rd3 Rf2+ 38. Kg1 Bxd5 39. f5
Rxf5 40. Qd2 Bxe1 41. Qe2 Qc5+ 42. Qe3 Bf2+ 43. Kf1 Bxe3+ 44. Ke2 Rf2+ 45. Kd1
Qc1# 0-1

[Event "Flint (Class C/2)"]
[Site "?"]
[Date "1992.??.??"]
[Round "?"]
[White "Rubel, J."]
[Black "Waltz, Glenn"]
[Result "1/2-1/2"]
[WhiteElo "1605"]
[BlackElo "1605"]
[PlyCount "100"]
[EventDate "1992.??.??"]

1. c4 Nf6 2. Nf3 g6 3. d4 e6 4. Nc3 Bg7 5. Bg5 d6 6. e4 h6 7. Be3 Nbd7 8. Bd3
c6 9. h3 Qe7 10. Qd2 e5 11. d5 g5 12. Nh2 Nf8 13. Be2 Ng6 14. O-O-O Bf8 15. Ng4
Nxg4 16. Bxg4 Bxg4 17. hxg4 c5 18. g3 Bg7 19. Rdf1 b6 20. Qc2 Qd7 21. f3 f6 22.
Qa4 Qxa4 23. Nxa4 Kd7 24. Nc3 a6 25. a4 Rhb8 26. Kc2 Rb7 27. Ra1 Rab8 28. Rhb1
a5 29. Nb5 Ne7 30. b3 Nc8 31. Kd3 Bf8 32. Rh1 Na7 33. Rh2 Rc8 34. Bd2 Bg7 35.
Ra2 Ke7 36. Be3 Rh8 37. Ra1 Nc8 38. Raa2 Kf7 39. Ra1 Bf8 40. Kc3 Kg6 41. Rah1
Rbh7 42. Rh5 Bg7 43. Bd2 Bf8 44. Be3 Be7 45. Kd3 Bf8 46. Bd2 Rd7 47. Be3 Ne7
48. Bd2 Ng8 49. Be3 Rhh7 50. Bd2 Bg7 1/2-1/2

[Event "Flint (Class C/4)"]
[Site "?"]
[Date "1992.??.??"]
[Round "?"]
[White "Rubel, J."]
[Black "Hill, M."]
[Result "0-1"]
[WhiteElo "1605"]
[BlackElo "1605"]
[PlyCount "76"]
[EventDate "1992.??.??"]

1. f4 d5 2. b3 e6 3. Nf3 Nf6 4. Bb2 Be7 5. e3 a6 6. Bd3 Nbd7 7. O-O Nc5 8. Ne5
Ncd7 9. Qf3 O-O 10. Nc3 Ne8 11. Ne2 f6 12. Bxh7+ Kxh7 13. Qh5+ Kg8 14. Ng6 Nd6
15. Ba3 c5 16. Qh8+ Kf7 17. Nxf8 Qxf8 18. Qh5+ g6 19. Qf3 b5 20. d3 Bb7 21. Ng3
Qh6 22. h3 d4 23. e4 Rg8 24. Bc1 Qg7 25. Kf2 Nf5 26. Nxf5 gxf5 27. Rg1 fxe4 28.
dxe4 f5 29. g4 Bh4+ 30. Kf1 Bxe4 31. Qe2 Nf6 32. Ba3 b4 33. Bb2 a5 34. Qa6 Bxc2
35. Qa7+ Kf8 36. Qxc5+ Kf7 37. Qxc2 Nd5 38. Qc7+ Nxc7 0-1

[Event "Detroit (MOR/4/89)"]
[Site "?"]
[Date "1992.??.??"]
[Round "?"]
[White "Rostrom, Richard"]
[Black "Uy, J."]
[Result "1-0"]
[WhiteElo "1650"]
[BlackElo "1605"]
[PlyCount "61"]
[EventDate "1992.??.??"]

{4/(89)} 1. c4 e5 2. Nc3 Nf6 3. g3 Bb4 4. Bg2 Bxc3 5. bxc3 O-O 6. Nf3 Re8 7.
O-O c6 8. d3 d6 9. Nd2 Bf5 10. Nb3 Qc7 11. e4 Bg6 12. Be3 Nbd7 13. f4 Bh5 14.
Bf3 Bxf3 15. Qxf3 b6 16. g4 Nf8 17. g5 N6d7 18. f5 f6 19. Qg4 Re7 20. g6 h6 21.
Rf3 Nc5 22. Nxc5 bxc5 23. Qh5 Rb8 24. Kh1 Rb7 25. Rg1 Qa5 26. Bxh6 Qxc3 27.
Bxg7 Rxg7 28. Rh3 Nxg6 29. fxg6 Kf8 30. Qh8+ Rg8 31. Qxf6+ 1-0

[Event "Detroit (MOR/7/87)"]
[Site "?"]
[Date "1992.??.??"]
[Round "?"]
[White "Rostrom, Richard"]
[Black "Stockton, T."]
[Result "1-0"]
[WhiteElo "1650"]
[BlackElo "1605"]
[PlyCount "65"]
[EventDate "1992.??.??"]

{7/(87)} 1. c4 e5 2. Nc3 Nf6 3. g3 d5 4. cxd5 Nxd5 5. Bg2 Nxc3 6. bxc3 Bd6 7.
Nf3 O-O 8. O-O Nc6 9. d3 Re8 10. Bg5 f6 11. Be3 Be6 12. Nd2 Qd7 13. Ne4 Rad8
14. a4 Be7 15. Bc5 f5 16. Bxe7 Qxe7 17. Nd2 Bd5 18. Bxd5+ Rxd5 19. Qb3 Qf7 20.
Qxb7 Rd6 21. Qb3 Ree6 22. Nf3 Qh5 23. Rfe1 Kf8 24. Qb7 Rh6 25. h4 Rdg6 26. Qc8+
Kf7 27. Qxc7+ Ke8 28. Nxe5 Nxe5 29. Qxe5+ Kd7 30. Qd4+ Ke6 31. Qc4+ Kd6 32.
Qa6+ Kd5 33. c4+ 1-0

[Event "Detroit (MOR/6/86)"]
[Site "?"]
[Date "1992.??.??"]
[Round "?"]
[White "Rostrom, Richard"]
[Black "Solski, Jeff"]
[Result "1/2-1/2"]
[WhiteElo "1650"]
[BlackElo "1605"]
[PlyCount "90"]
[EventDate "1992.??.??"]

{6/(86)} 1. c4 Nf6 2. Nc3 g6 3. g3 Bg7 4. Bg2 c6 5. Nf3 O-O 6. O-O d6 7. d3 Bg4
8. h3 Bxf3 9. Bxf3 Nbd7 10. Rb1 e6 11. Kh2 Re8 12. a3 d5 13. cxd5 exd5 14. Bf4
Nc5 15. b4 Ne6 16. Bd2 Nd4 17. Bg2 Nh5 18. e3 Nf5 19. Ne2 Qc7 20. Kh1 Nf6 21.
Bc3 a6 22. Bxf6 Bxf6 23. d4 Nd6 24. Rc1 Nc4 25. Nf4 Rad8 26. Qd3 b5 27. Qc3 Qc8
28. Nd3 Bg7 29. Nc5 h5 30. h4 Nd6 31. Kh2 f5 32. Nd3 Nc4 33. Nf4 Kh7 34. Nd3
Qb8 35. Nc5 Qc8 36. Nd3 Rd6 37. Nf4 Qd8 38. Nh3 Bh6 39. Qd3 Rf6 40. Rfe1 Nb2
41. Qc2 Nc4 42. Qd3 Rfe6 43. Qc3 g5 44. hxg5 Bxg5 45. Qd3 Kg6 1/2-1/2

[Event "Detroit (MOR/2/83)"]
[Site "?"]
[Date "1992.??.??"]
[Round "?"]
[White "Rostrom, Richard"]
[Black "Smeckert, Dennis"]
[Result "1/2-1/2"]
[WhiteElo "1650"]
[BlackElo "1605"]
[PlyCount "76"]
[EventDate "1992.??.??"]

{2/(83)} 1. c4 e5 2. Nc3 Nc6 3. g3 Bc5 4. Bg2 Nge7 5. Nf3 d6 6. O-O Be6 7. d3
h6 8. a3 Qd7 9. Na4 Bh3 10. Nxc5 dxc5 11. Bd2 Bxg2 12. Kxg2 g5 13. b4 O-O-O 14.
b5 Nd4 15. Nxe5 Qf5 16. f4 Qh7 17. Nf3 Nef5 18. Nxd4 Nxd4 19. Rf2 g4 20. a4 h5
21. Qh1 Rhe8 22. Re1 Re6 23. Bc3 Nf5 24. a5 h4 25. Kg1 hxg3 26. hxg3 Rh6 27.
Rh2 Rh3 28. Rxh3 gxh3 29. Kh2 Nxg3 30. Kxg3 Rg8+ 31. Kf3 Qh5+ 32. Ke3 Rg3+ 33.
Kd2 Rg2 34. Kc1 Qg4 35. Bd2 Qg3 36. e4 Qxd3 37. Rd1 Qxc4+ 38. Kb1 Qd3+ 1/2-1/2

[Event "Lansing (Apr)"]
[Site "?"]
[Date "1992.??.??"]
[Round "?"]
[White "Rostrom, Richard"]
[Black "Smalec, John"]
[Result "1/2-1/2"]
[WhiteElo "1710"]
[BlackElo "1850"]
[PlyCount "83"]
[EventDate "1992.??.??"]

1. c4 e5 2. Nc3 Nf6 3. g3 Bb4 4. Bg2 O-O 5. e4 c5 6. Nf3 Nc6 7. O-O d6 8. d3 h6
9. Qc2 Bg4 10. a3 Ba5 11. Nh4 Qd7 12. f4 Nd4 13. Qf2 exf4 14. gxf4 Bh3 15. f5
Bxg2 16. Qxg2 Kh7 17. Ne2 Nxe2+ 18. Qxe2 Qe7 19. Ng2 Nd7 20. Qh5 Ne5 21. Nf4
Qg5+ 22. Qxg5 hxg5 23. Nh3 f6 24. Nxg5+ fxg5 25. Bxg5 Bd8 26. Bf4 Bf6 27. Rad1
Rh8 28. b4 b6 29. Bxe5 dxe5 30. bxc5 bxc5 31. Rb1 Rab8 32. Rb5 Be7 33. Rfb1 Bd6
34. Kf2 Kh6 35. a4 Kg5 36. Rg1+ Kf6 37. Rg6+ Ke7 38. Rxg7+ Kf6 39. Rg6+ Ke7 40.
Rg7+ Kf6 41. Rg6+ Ke7 42. Rg7+ 1/2-1/2

[Event "Lansing (Apr)"]
[Site "?"]
[Date "1992.??.??"]
[Round "?"]
[White "Rostrom, Richard"]
[Black "Pirochta, T."]
[Result "1-0"]
[WhiteElo "1710"]
[BlackElo "1895"]
[PlyCount "107"]
[EventDate "1992.??.??"]

1. c4 Nf6 2. Nc3 g6 3. g3 Bg7 4. Bg2 O-O 5. Nf3 c5 6. O-O Nc6 7. d3 e6 8. Be3
d6 9. Qd2 Re8 10. Bh6 Bh8 11. Bg5 Nd4 12. Ne4 d5 13. Nxd4 cxd4 14. cxd5 e5 15.
f4 Nxe4 16. dxe4 Qb6 17. Kh1 Bd7 18. fxe5 Bxe5 19. Bf4 f6 20. Bxe5 fxe5 21. a3
Bb5 22. a4 Ba6 23. b4 Bc4 24. Rac1 Rac8 25. Bh3 Rc7 26. Be6+ Kg7 27. Qg5 Rxe6
28. dxe6 Qxe6 29. Qd8 Rf7 30. Rxf7+ Qxf7 31. Rxc4 Qxc4 32. Qe7+ Qf7 33. Qxe5+
Qf6 34. Qc7+ Kh6 35. Qf4+ Qxf4 36. gxf4 Kh5 37. h3 Kh6 38. Kg2 Kg7 39. Kf3 Kf6
40. e5+ Kf5 41. e4+ dxe3 42. Kxe3 g5 43. fxg5 Kxe5 44. h4 a6 45. h5 Kf5 46. g6
hxg6 47. hxg6 Kxg6 48. Kd4 b5 49. axb5 axb5 50. Kc5 Kf7 51. Kxb5 Ke8 52. Kb6
Kd7 53. b5 Kc8 54. Ka7 1-0

[Event "Flint (MI Senior/4)"]
[Site "?"]
[Date "1992.??.??"]
[Round "?"]
[White "Rostrom, Richard"]
[Black "Kruskie, Jerry"]
[Result "0-1"]
[WhiteElo "1730"]
[BlackElo "1830"]
[PlyCount "70"]
[EventDate "1992.??.??"]

1. c4 c5 2. Nc3 Nf6 3. g3 d5 4. cxd5 Nxd5 5. Bg2 Nc7 6. Nf3 Nc6 7. O-O e5 8. d3
Ne6 9. b3 Be7 10. Bb2 f6 11. Rc1 O-O 12. Nd2 Bd7 13. Nd5 Rc8 14. Nxe7+ Qxe7 15.
Nc4 b6 16. Ne3 Ncd4 17. Nd5 Qd6 18. e3 Nf5 19. f4 exf4 20. gxf4 Bc6 21. e4 Bxd5
22. exf5 Bxg2 23. Kxg2 Nxf4+ 24. Kg1 Rfe8 25. Rc2 Rcd8 26. d4 cxd4 27. Qf3 d3
28. Rc6 Ne2+ 29. Kg2 Qd5 30. Re6 Nf4+ 31. Kf2 Qxf3+ 32. Kxf3 Nxe6 33. fxe6 d2
34. Rd1 Rxe6 35. Bc3 Rd3+ 0-1

[Event "Lansing (Aug)"]
[Site "?"]
[Date "1992.??.??"]
[Round "?"]
[White "Rostrom, Richard"]
[Black "Jones, Linston"]
[Result "1/2-1/2"]
[WhiteElo "1650"]
[BlackElo "1665"]
[PlyCount "141"]
[EventDate "1992.??.??"]

1. c4 e5 2. Nc3 Nf6 3. g3 c5 4. Bg2 a6 5. Nf3 d6 6. O-O Nc6 7. d3 Bd7 8. Bd2
Be7 9. a3 O-O 10. Ng5 Qc8 11. Nd5 Nxd5 12. cxd5 Nd4 13. Rc1 h6 14. Ne4 Bh3 15.
e3 Bxg2 16. Kxg2 Nb5 17. Nc3 Nxc3 18. Bxc3 Qf5 19. e4 Qg6 20. Bd2 f5 21. f3 Rf7
22. Kh1 Raf8 23. Qe2 Qh5 24. Qg2 f4 25. g4 Qg6 26. Qh3 b5 27. b4 Rc8 28. Rc2
Rff8 29. Rfc1 Qg5 30. Be1 Kh7 31. Bh4 Qxh4 32. Qg2 Rc7 33. Qe2 Rfc8 34. d4 exd4
35. e5 Qg5 36. bxc5 Qxe5 37. Qxe5 dxe5 38. d6 Bxd6 39. cxd6 Rxc2 40. Rxc2 Rd8
41. Rc6 a5 42. Kg1 b4 43. axb4 axb4 44. Kf2 Kg8 45. Ke2 Rd7 46. Rb6 Kf7 47. Kd3
Ke6 48. Rxb4 Rxd6 49. h4 Rc6 50. Ke4 Rd6 51. Kd3 Rc6 52. Ke4 Rc3 53. Rb6+ Kd7
54. Kxe5 Rxf3 55. Rd6+ Ke7 56. Rxd4 Rh3 57. h5 f3 58. Rf4 Rg3 59. Kf5 Kd6 60.
Ke4 f2 61. Kf5 Rg2 62. Rf3 Kd5 63. Rd3+ Kc4 64. Rf3 Kd4 65. Kf4 Kd5 66. Kf5 Kd6
67. Rf4 Ke7 68. Rf3 Kf8 69. Ke4+ Kg8 70. Kf5 Kh7 71. Kf4 1/2-1/2

[Event "Flint (Class B/1)"]
[Site "?"]
[Date "1992.??.??"]
[Round "?"]
[White "Rostrom, Richard"]
[Black "Fiedler, Robert"]
[Result "0-1"]
[WhiteElo "1670"]
[BlackElo "1755"]
[PlyCount "80"]
[EventDate "1992.??.??"]

1. c4 e5 2. Nc3 Nc6 3. g3 Nf6 4. Bg2 Bc5 5. a3 a6 6. e3 d6 7. Nge2 O-O 8. O-O
Bg4 9. b4 Ba7 10. Qc2 Qd7 11. Bb2 Bf5 12. e4 Bh3 13. Nd5 Nxd5 14. cxd5 Bxg2 15.
Kxg2 Ne7 16. d4 Ng6 17. Rac1 Rac8 18. Qd2 f5 19. dxe5 dxe5 20. exf5 Qxf5 21. f4
Qe4+ 22. Kh3 exf4 23. Nxf4 Rf5 24. Rce1 Nxf4+ 25. Rxf4 Rh5+ 26. Kg4 Qg6+ 27.
Kf3 Rf5 28. Kg2 Rxf4 29. Qxf4 Qc2+ 30. Kh3 Qxb2 31. Re7 Qf6 32. Rxc7 Rxc7 33.
Qxc7 Qf5+ 34. Kh4 Qxd5 35. Qc8+ Kf7 36. Qc7+ Kg6 37. Kh3 Be3 38. Qc2+ Qf5+ 39.
Qxf5+ Kxf5 40. a4 b5 0-1

[Event "Flint (MI Senior/2)"]
[Site "?"]
[Date "1992.??.??"]
[Round "?"]
[White "Rostrom, Richard"]
[Black "Duncan, Robert"]
[Result "1/2-1/2"]
[WhiteElo "1730"]
[BlackElo "1605"]
[PlyCount "80"]
[EventDate "1992.??.??"]

1. c4 Nf6 2. Nc3 g6 3. g3 Bg7 4. Bg2 O-O 5. Nf3 Nc6 6. O-O d6 7. d4 e6 8. d5
exd5 9. cxd5 Ne7 10. Bg5 b6 11. Nd4 Bb7 12. Nc6 Nxc6 13. dxc6 Bc8 14. b4 h6 15.
Bxf6 Bxf6 16. Rc1 Be6 17. a4 a6 18. Qd2 Bg7 19. Nd5 Bxd5 20. Bxd5 Qf6 21. Bg2
Qe7 22. e3 Rfe8 23. Qd5 Qe5 24. Qb3 Qe7 25. Bh3 Rf8 26. Bd7 Rad8 27. Qc4 Ra8
28. Qb3 a5 29. b5 Rad8 30. Qc4 Kh8 31. Qg4 h5 32. Qc4 f5 33. Qe6 Qxe6 34. Bxe6
Bb2 35. Rc2 Ba3 36. h4 Bc5 37. Kg2 Kg7 38. Rd2 Rf6 39. Bb3 Re8 40. Rc2 Rd8
1/2-1/2

[Event "Detroit (MOR/1a/43)"]
[Site "?"]
[Date "1992.??.??"]
[Round "?"]
[White "Rostrom, Richard"]
[Black "Cramblit, G."]
[Result "1/2-1/2"]
[WhiteElo "1650"]
[BlackElo "1605"]
[PlyCount "129"]
[EventDate "1992.??.??"]

1. c4 c6 2. Nc3 d5 3. cxd5 cxd5 4. d4 Nf6 5. g3 e6 6. Bg2 Bb4 7. Nf3 Nc6 8. O-O
h6 9. Bf4 O-O 10. a3 Bxc3 11. bxc3 Ne4 12. Qc1 Na5 13. Qc2 Nc4 14. Nd2 Nexd2
15. Bxd2 Nxd2 16. Qxd2 Qa5 17. Qb2 b6 18. Rfc1 Ba6 19. e3 Rac8 20. Qb4 Qb5 21.
Qe7 Qa5 22. Qb4 Qb5 23. Bf1 Qxb4 24. cxb4 Bxf1 25. Kxf1 Rc4 26. Ke2 Rfc8 27.
Kd2 b5 28. Rxc4 dxc4 29. Kc3 Kh7 30. a4 a6 31. e4 Kg8 32. axb5 axb5 33. Ra7 Rb8
34. d5 exd5 35. exd5 Kf8 36. f4 g6 37. d6 Ke8 38. Re7+ Kf8 39. Ra7 Ke8 40. Re7+
Kf8 41. Re5 Rb7 42. Kd4 f6 43. Rc5 Ke8 44. Rc8+ Kd7 45. Rh8 Kxd6 46. Rxh6 Rg7
47. f5 Ke7 48. fxg6 f5 49. Rh8 Kf6 50. Rb8 Rd7+ 51. Kc3 Rd5 52. Rb6+ Kg7 53.
Kc2 Re5 54. Kd2 Rd5+ 55. Kc3 Re5 56. Kd4 Re4+ 57. Kc3 Re5 58. Kd2 Rd5+ 59. Kc3
Re5 60. Kd2 Rd5+ 61. Kc3 Re5 62. Kd2 Rd5+ 63. Kc3 Re5 64. Kd2 Rd5+ 65. Kc3
1/2-1/2

[Event "Flint (Class B/3)"]
[Site "?"]
[Date "1992.??.??"]
[Round "?"]
[White "Rostrom, Richard"]
[Black "Anderson, Connie"]
[Result "1-0"]
[WhiteElo "1670"]
[BlackElo "1770"]
[PlyCount "152"]
[EventDate "1992.??.??"]

1. c4 g6 2. Nc3 Bg7 3. g3 d6 4. Bg2 Nf6 5. Nf3 e5 6. O-O O-O 7. d3 Bg4 8. h3
Be6 9. Kh2 Nc6 10. Ng5 Qd7 11. Nxe6 fxe6 12. a3 Rf7 13. Rb1 Raf8 14. Be3 d5 15.
Bc5 Rd8 16. a4 b6 17. Ba3 Nd4 18. e3 Nf5 19. Qe2 d4 20. Ne4 Qxa4 21. Ng5 Rfd7
22. Nxe6 Re8 23. Nxg7 Rxg7 24. e4 Nd6 25. f4 Qd7 26. fxe5 Rxe5 27. Rxf6 c5 28.
Rbf1 Rf7 29. Qf3 Rxf6 30. Qxf6 Nf7 31. b3 Qc7 32. Bc1 Qe7 33. h4 Qxf6 34. Rxf6
Kg7 35. Rf2 Re8 36. Bf4 h6 37. Bd2 Ne5 38. Kh3 Nxd3 39. Re2 a6 40. Bf4 b5 41.
Rd2 Nc1 42. Rb2 Nd3 43. Ra2 Nb4 44. Rd2 bxc4 45. bxc4 Re6 46. Bc7 Kf7 47. e5
Ke8 48. Bd6 a5 49. Bd5 Nxd5 50. cxd5 Rxd6 51. exd6 Kd7 52. Kg2 Kxd6 53. Ra2
Kxd5 54. Kf2 Ke4 55. Rxa5 c4 56. Ke2 d3+ 57. Kd2 Kd4 58. Ra6 c3+ 59. Kd1 Ke3
60. Re6+ Kf3 61. Rxg6 Ke3 62. Re6+ Kf3 63. Rxh6 Ke3 64. Re6+ Kf3 65. h5 Kxg3
66. Re3+ Kg4 67. h6 c2+ 68. Kd2 Kf4 69. Rxd3 c1=Q+ 70. Kxc1 Ke4 71. Kd2 Ke5 72.
h7 Ke4 73. h8=Q Kf4 74. Qd4+ Kf5 75. Re3 Kg5 76. Rf3 Kh6 1-0

[Event "Detroit (MOR/6/52)"]
[Site "?"]
[Date "1992.??.??"]
[Round "?"]
[White "Rosenberg, Steve"]
[Black "Taylor, E."]
[Result "0-1"]
[WhiteElo "1745"]
[BlackElo "1605"]
[PlyCount "168"]
[EventDate "1992.??.??"]

{6/(52)} 1. e4 c5 2. Bc4 Nc6 3. Nc3 d6 4. d3 Nf6 5. Be3 e6 6. Bb3 d5 7. exd5
exd5 8. Bg5 Be7 9. Nge2 d4 10. Bxf6 Bxf6 11. Ne4 b6 12. Ba4 Bb7 13. Nxf6+ Qxf6
14. O-O O-O 15. Bxc6 Bxc6 16. f3 Rfe8 17. Re1 Qd6 18. Qd2 Re6 19. Ng3 Rae8 20.
Ne4 Qe7 21. Qf4 Re5 22. Rf1 c4 23. dxc4 Bxe4 24. fxe4 Rxe4 25. Qf2 Re2 26. Qxd4
Rxc2 27. Rf2 Re2 28. Rxe2 Qxe2 29. Qf2 Qxc4 30. Re1 Rd8 31. Qe3 h6 32. b3 Qd4
33. Qxd4 Rxd4 34. a4 Kf8 35. Rc1 Rd7 36. b4 Ke7 37. b5 Kd8 38. Rc4 Rd2 39. h3
Kd7 40. Kh2 Rd3 41. Kg1 Rd5 42. Kf2 Rc5 43. Rd4+ Ke6 44. h4 h5 45. Kf3 g6 46.
g3 f6 47. Re4+ Re5 48. Rc4 Rc5 49. Re4+ Kf7 50. Rd4 Rc7 51. Rd8 g5 52. hxg5
fxg5 53. Rd4 Ke6 54. g4 h4 55. Ke4 h3 56. Rd2 Rf7 57. Rh2 Rf4+ 58. Ke3 Rxg4 59.
Rxh3 Rxa4 60. Rh7 g4 61. Rh5 Kd6 62. Kf2 a6 63. bxa6 Rxa6 64. Kg3 Ra4 65. Rb5
Kc6 66. Rb1 Rc4 67. Rb3 b5 68. Kf2 Kc5 69. Ke2 b4 70. Rg3 Kb5 71. Kd2 Ka4 72.
Re3 b3 73. Kd3 b2 74. Kxc4 b1=Q 75. Kd4 Kb4 76. Ke5 Qg6 77. Re4+ Kc5 78. Kf4
Kd5 79. Re3 Qh6+ 80. Kg3 Qxe3+ 81. Kg2 Ke4 82. Kf1 Qd2 83. Kg1 Kf3 84. Kh1 Qg2#
0-1

[Event "Flint (Class A/4)"]
[Site "?"]
[Date "1992.??.??"]
[Round "?"]
[White "Rosenberg, Steve"]
[Black "Skidmore, Jennifer"]
[Result "1-0"]
[WhiteElo "1805"]
[BlackElo "1980"]
[PlyCount "105"]
[EventDate "1992.??.??"]

1. e4 e5 2. Nf3 d6 3. Bc4 Be7 4. Nc3 c6 5. h3 Nf6 6. d3 O-O 7. Bd2 Nbd7 8. Qe2
Qc7 9. a3 b6 10. b4 Bb7 11. d4 exd4 12. Nxd4 d5 13. exd5 Nxd5 14. Bxd5 cxd5 15.
O-O Bf6 16. Ncb5 Qb8 17. Be3 Re8 18. Qd2 Ba6 19. Bf4 Be5 20. Nc6 Qb7 21. Nxe5
Bxb5 22. Rfe1 Nf6 23. f3 Rac8 24. Rac1 Red8 25. Bg5 Rd6 26. Bf4 Re6 27. c3 Rce8
28. g4 Qa8 29. Kf2 a5 30. Ra1 Nd7 31. Nxd7 Re2+ 32. Rxe2 Rxe2+ 33. Qxe2 Bxe2
34. Kxe2 Qe8+ 35. Be3 Qxd7 36. Kf2 Qc7 37. Bd4 Qh2+ 38. Ke3 Qc2 39. bxa5 bxa5
40. Re1 f6 41. Re2 Qc1+ 42. Kf2 Qxa3 43. h4 a4 44. g5 fxg5 45. hxg5 Qd6 46.
Re8+ Kf7 47. Ra8 Qh2+ 48. Ke3 Qg1+ 49. Kf4 Qc1+ 50. Kg4 a3 51. Ra7+ Ke6 52. Bc5
Qxc3 53. Re7# 1-0

[Event "Detroit (MOR/2/58)"]
[Site "?"]
[Date "1992.??.??"]
[Round "?"]
[White "Rosenberg, Steve"]
[Black "Davis, Michael"]
[Result "1-0"]
[WhiteElo "1745"]
[BlackElo "1605"]
[PlyCount "116"]
[EventDate "1992.??.??"]

{2/(58)} 1. e4 c5 2. Bc4 e6 3. Nc3 Nc6 4. d3 Nf6 5. Nf3 d6 6. Bg5 Be7 7. O-O
O-O 8. Qc1 Nd7 9. Bf4 Nf6 10. Ne2 Nd4 11. Nexd4 cxd4 12. e5 Nh5 13. exd6 Bxd6
14. Bxd6 Qxd6 15. Qg5 Nf4 16. Rfe1 Ng6 17. Nd2 a6 18. Ne4 Qc7 19. Ng3 b5 20.
Bb3 Bb7 21. f3 e5 22. Nh5 Qd6 23. Ng3 Bd5 24. Nf5 Qe6 25. Bxd5 Qxd5 26. Qxg6
hxg6 27. Ne7+ Kh7 28. Nxd5 Rad8 29. Nb4 a5 30. Nc6 Rc8 31. Nxa5 f6 32. Re2 Rf7
33. Nb3 Rfc7 34. Rc1 b4 35. Kf1 Ra7 36. a3 bxa3 37. bxa3 Rxa3 38. Ra1 Rxa1+ 39.
Nxa1 Kh6 40. Nb3 Kh5 41. Ke1 g5 42. Kd2 Kg6 43. Re1 Ra8 44. Ra1 Rxa1 45. Nxa1
Kf5 46. Nb3 g4 47. fxg4+ Kxg4 48. Nc5 f5 49. Ke2 g5 50. Kf2 f4 51. h3+ Kf5 52.
Kf3 Kf6 53. Ke4 Kf7 54. Kxe5 Kg6 55. Ne4 Kh5 56. Kf5 Kh4 57. Nxg5 f3 58. Nxf3+
Kh5 1-0